Yahualica : etopeya /
Descripción y retrato de la población de Yahualica, Jalisco, escrita por el tapatío Agustín Yáñez (1904-1980) en conmemoración de la visita que el presidente Manuel Avila Camacho efectuó a dicha población. Yahualica fue publicada en 1946, un año antes que Al filo del agua, la obra literaria más céle...
Guardado en:
| Autor principal: | |
|---|---|
| Formato: | Libro |
| Idioma: | Español |
| Publicado: |
México :
editorial no identificada,
1946
|
| Temas: | |
| Etiquetas: |
Sin etiquetas, Sé el primero en etiquetar este registro!
|
MARC
| LEADER | 00000nam^a2200000^a^4500 | ||
|---|---|---|---|
| 001 | 000106253 | ||
| 005 | 20250521000000.0 | ||
| 009 | 20260310093527.541 | ||
| 037 | |a Acervo ITESO - Biblioteca | ||
| 041 | |a ESP | ||
| 082 | |a 863. |b YAÑ | ||
| 100 | |a Yáñez, Agustín |e (autor) | ||
| 245 | 1 | 0 | |a Yahualica : |b etopeya / |c A. Yáñez. |
| 264 | 1 | |a México : |b editorial no identificada, |c 1946 | |
| 300 | |a 154, [34] p. | ||
| 336 | |a texto |b txt |2 rdacontenido | ||
| 337 | |a sin mediación |b n |2 rdamedio | ||
| 338 | |a volumen |b nc |2 rdasoporte | ||
| 520 | |a Descripción y retrato de la población de Yahualica, Jalisco, escrita por el tapatío Agustín Yáñez (1904-1980) en conmemoración de la visita que el presidente Manuel Avila Camacho efectuó a dicha población. Yahualica fue publicada en 1946, un año antes que Al filo del agua, la obra literaria más célebre de Yáñez, que se desarrolla en un sitio inspirado claramente en aquella localidad jalisciense. | ||
| 649 | |a XX | ||
| 650 | |a Crónicas Jaliscienses | ||
| 650 | |a Crónicas Mexicanas | ||
| 650 | |a Literatura Jalisciense - |y Siglo XX | ||
| 650 | |a Literatura Mexicana - |y Siglo XX | ||
| 650 | |a Yahualica, Jalisco en la Literatura | ||
| 650 | |a Yahualica, Jalisco - |x Tema Principal | ||
| 650 | |a Yahualica, Jalisco - |x Descripción | ||
| 650 | |a Yahualica, Jalisco - |x Historia | ||
| 650 | |a México - |x Descripción | ||
| 650 | |a México - |x Historia | ||
| 910 | |a Fondo Jesús Rodríguez | ||
| 920 | |a Impresos - Libros | ||
| 930 | |a Fondos Especiales | ||
| 940 | |a Literatura | ||
| 905 | |a 113 | ||
| 901 | |a 0500042196 |b IT2 |c ESP |u 20250521 | ||
| 902 | |a https://opac.biblio.iteso.mx/vufind/Record/000106253 | ||